[Event "EICC 2021"]
[Site "Reykjavik"]
[Date "2021.09.01"]
[Round "7.26"]
[White "Gretarsson, Hjorvar Steinn"]
[Black "Maurizzi, Marc Andria"]
[Result "0-1"]
[WhiteElo "2603"]
[BlackElo "2488"]
[Annotator "TA"]
[PlyCount "120"]
[EventDate "2021.08.26"]
[EventType "swiss"]
[EventCountry "ISL"]
[Tiebreak "Cut1 Buchholz"]
[SourceTitle "playchess.com"]
[Source "ChessBase"]
[SourceQuality "1"]

{[%evp 14,120,0,0,15,0,10,14,9,11,19,20,18,-44,-44,-50,-41,-48,-53,-79,-82,-65,
-39,-143,-131,-191,-191,-183,-184,-194,-210,-195,-196,-205,-193,-258,-252,-232,
-110,-106,-106,-110,-94,-226,-225,-223,-207,-227,-152,-198,-117,-112,-100,-102,
-95,-120,-114,-225,-185,-305,-215,-131,-59,-241,-196,-220,-182,-225,-200,-220,
-206,-210,-179,-193,-160,-223,-209,-249,-248,-577,-578,-498,-475,-565,-454,
-1180,-639,-644,-1107,-1073,-1068,-695,-867,-830,-664,-717,-551,-397,-298,
-29943,-29947,-4598,-5477,-29975,-29976,-29976,-29977,-29979,-29978]} 1. c4 c6
2. d4 d5 3. Nf3 Nf6 4. Qb3 e6 5. Nc3 Nbd7 6. g3 Be7 7. Bg2 O-O 8. O-O a6 {
E07: Closed Catalan: Main Line (5 Nf3 0-0 6 0-0 Nbd7).} 9. a4 b6 10. Bg5 Bb7 {
The position is equal.} 11. Rfd1 {[#]} h6 $146 ({Predecessor:} 11... Rc8 12.
Bxf6 Nxf6 13. Ne5 Ba8 14. e4 dxc4 15. Nxc4 b5 16. Ne3 b4 17. Ne2 Qc7 18. e5 {
1/2-1/2 (51) Grabarczyk,M (2440)-Markowski,T (2470) Warsaw 1995}) 12. Bxf6 Nxf6
13. c5 (13. a5 $11) 13... a5 $15 14. e4 Rb8 (14... Nxe4 $6 15. Nxe4 dxe4 16.
Ne5 $16) (14... dxe4 15. Ne5 $11) 15. exd5 exd5 16. cxb6 Ba6 17. Ne5 Qxb6 18.
Qc2 ({White has to play} 18. Qxb6 $15 Rxb6 19. Rdc1) 18... Bd6 $17 19. Rd2 (19.
Nf3 $17) 19... Bxe5 $19 20. dxe5 Nd7 21. Qf5 Nc5 22. Re1 Qb4 23. Qc2 Bc4 24.
Qd1 (24. Ne2 $142) 24... Bb3 25. Qe2 Nxa4 ({Don't take} 25... Bxa4 26. Nxa4
Qxa4 27. Qe3 $17) (25... Rbe8 $19 {has better winning chances.} 26. f4 f6) 26.
Nxa4 $17 Bxa4 27. Qe3 Bb5 28. Rd4 (28. f4 $17 {was worth a try.}) 28... Qxb2
$19 29. Rg4 {Threatening mate with Qxh6.} Kh7 30. Bh3 {intending Rf4.} Qc2 31.
Rd4 Qg6 (31... Bc4 $19 32. Rdd1 a4) 32. Qf3 {Hoping for Bf5.} Kh8 33. Bf5 Qg5
34. h4 Qe7 35. Qh5 (35. Bc2 $17) 35... a4 36. Rg4 (36. Bc2 {might work better.}
) 36... Rb7 37. Bc2 f5 ({Better is} 37... c5 $17 {aiming for ...a3.} 38. e6 d4)
38. Rg6 $2 (38. Rf4 $1 $15) 38... c5 {Strongly threatening ...Be8.} 39. Bxf5 {
[#] next Re6 is good for White.} Be8 $1 {Threatens to win with ...Rb6!} 40.
Rxh6+ gxh6 41. Qxh6+ Kg8 42. Be6+ {[#]} Rf7 $1 43. Bxd5 Qf8 44. Qg5+ (44. Qh5
$17 {was necessary.}) 44... Kh8 {And now ...Rb2 would win.} 45. Bxf7 Rxf7 46.
e6 $2 (46. Qh5+ {is tougher.} Rh7 47. Qd1) 46... Rxf2 47. Qe5+ Qf6 48. Qxc5 Rf3
49. Kg2 (49. Qe5 $142 Qxe5 50. Rxe5) 49... Rc3 {( -> ...Qf3+)} 50. Qe5 Rc2+ 51.
Kh3 Qxe5 52. Rxe5 {[%mdl 4096] Endgame KRB-KR} a3 {[%cal Ba4a3,Ba3a2][%mdl 32]}
53. Ra5 a2 54. h5 Kg7 55. g4 {If only White now had time for Ra7+....} Bc6 {
White must now prevent ...Bd5!} 56. g5 $2 (56. e7 $19) 56... Rc3+ 57. Kh2 {[#]}
Bd5 $1 {[%cal Rd5e6][%mdl 512]} 58. Ra7+ (58. h6+ Kg6) 58... Kg8 {Black mates.}
59. e7 Re3 ({Weaker is} 59... Kf7 60. g6+ Ke8 61. h6 $11) 60. h6 {[#]} Rxe7 $3
{[%mdl 512] Weighted Error Value: White=0.64/Black=0.27} 0-1

[Event "EICC 2021"]
[Site "Reykjavik"]
[Date "2021.09.01"]
[Round "7.27"]
[White "Parligras, Mircea-Emilian"]
[Black "Gavrilescu, David"]
[Result "1-0"]
[WhiteElo "2591"]
[BlackElo "2477"]
[Annotator "TA"]
[PlyCount "85"]
[EventDate "2021.08.26"]
[EventType "swiss"]
[EventCountry "ISL"]
[Tiebreak "Cut1 Buchholz"]
[SourceTitle "playchess.com"]
[Source "ChessBase"]
[SourceQuality "1"]

{[%evp 18,85,-12,-12,-11,-15,-6,0,0,-7,-2,-12,0,-22,0,0,30,33,41,41,43,40,66,
20,19,19,19,19,20,0,25,37,29,2,2,2,4,1,16,17,23,15,75,72,75,70,75,75,122,109,
110,70,105,91,187,178,230,220,228,219,228,165,164,161,177,154,252,259,273,244]
} 1. d4 Nf6 2. c4 e6 3. Nc3 Bb4 4. e3 O-O 5. Bd3 d5 6. Nge2 dxc4 7. Bxc4 c5 8.
a3 Bxc3+ 9. bxc3 Qc7 10. Ba2 b6 {E49: Nimzo-Indian: Rubinstein: 5 Bd3 d5 6 a3
Bxc3+ 7 bxc3.} 11. O-O Ba6 12. Bb2 $1 {[%mdl 4] is recently more successful
than 12.Re1.} Nc6 {The position is equal.} 13. Rc1 Rfd8 14. c4 cxd4 15. exd4 (
15. Nxd4 {feels hotter.} Na5 16. Qf3 Bb7 17. Qh3 Qe7 18. Bc3) 15... Na5 {
[%cal Ra6c4]} 16. d5 Bxc4 ({Avoid the trap} 16... Nxc4 $2 17. Bxf6 gxf6 18. Qa4
$18) 17. Bxf6 gxf6 18. Bxc4 Nxc4 {[#]} 19. Ng3 $146 ({Of course not} 19. Qd4
exd5 20. Qxf6 Qe5 $15) ({Predecessor:} 19. Qd4 exd5 20. Qxf6 Qe5 21. Qf3 Nd2
22. Qg4+ Qg7 23. Qxg7+ Kxg7 24. Rfd1 Nc4 25. Rc3 {1/2-1/2 (53) Muir,A (2266)
-Rocco,F (2183) Budapest 2020}) 19... exd5 20. Nh5 (20. Qf3 $5 {[%cal Rf1e1]}
Qe5 21. Nf5 $16) 20... Kh8 $1 21. Re1 Qd6 $1 22. Qd4 Ne5 $1 23. Qf4 Rg8 24.
Nxf6 Rg6 25. Nh5 (25. Rxe5 $5 {[%cal Re5e8]} Rxf6 26. Qd4 $14) 25... Re8 26.
Qd4 f6 {[#] Threatens to win with ...Nf3+.} 27. Re3 {Black should prevent f4.}
Reg8 28. Nf4 Rg4 {White must now prevent ...Nf7.} 29. g3 Ng6 (29... Rd8 $11)
30. Nxg6+ $16 R4xg6 31. Rce1 Rg4 32. Qd3 {[%mdl 1024] White has strong
compensation.} d4 33. Re6 Qd8 34. h3 R4g5 35. Kh2 $40 {[%mdl 128] White wants
a kill.} Rh5 (35... R5g7 $16) 36. Qf3 $18 Re5 (36... Rhg5 $142 37. Qf4 d3) 37.
R1xe5 fxe5 {[%mdl 4096] Endgame [#] KQR-KQR} 38. Qe4 $1 {[%cal Re4e5]} Rg5 39.
Qc6 {Re8+ is the strong threat.} Rg8 40. Rxe5 Qf8 41. Kg2 Rg6 (41... Qa8 $16 {
might work better.} 42. Qxa8 Rxa8) 42. Qe4 {And now Re8! would win.} Qd6 43.
Rd5 {Weighted Error Value: White=0.06/Black=0.19} 1-0

[Event "EICC 2021"]
[Site "Reykjavik"]
[Date "2021.09.01"]
[Round "7.28"]
[White "Sivuk, Vitaly"]
[Black "Saraci, Nderim"]
[Result "1/2-1/2"]
[WhiteElo "2589"]
[BlackElo "2455"]
[Annotator "TA"]
[PlyCount "193"]
[EventDate "2021.08.26"]
[EventType "swiss"]
[EventCountry "ISL"]
[Tiebreak "Cut1 Buchholz"]
[SourceTitle "playchess.com"]
[Source "ChessBase"]
[SourceQuality "1"]

{[%evp 20,193,7,12,27,23,37,7,5,4,9,15,7,18,14,5,11,6,14,10,8,7,11,6,6,6,8,6,7,
0,6,6,14,6,14,14,22,17,50,52,56,14,16,0,14,14,14,14,14,14,14,14,14,14,14,14,14,
14,14,0,14,7,14,14,34,14,20,14,20,14,26,14,31,13,13,13,13,13,19,20,45,46,68,69,
68,26,30,25,33,27,26,19,34,30,26,6,7,8,6,0,0,0,0,0,0,-25,-16,-47,-13,-54,-54,
-54,-54,-54,-54,-54,-54,-54,-31,-31,-31,-31,-31,-31,-31,-31,-31,-31,-31,-31,-8,
-31,-31,-31,-31,-31,-8,-8,0,-31,-8,-8,-8,-8,-8,-8,-8,-8,-8,-8,-8,-8,-8,-8,-8,
-8,0,0,0,0,0,0,0,0,0,0,0,0,0,0,0,0,0,0,0,0]} 1. d4 Nf6 2. c4 e6 3. g3 d5 4. Nf3
Be7 5. Bg2 O-O 6. O-O dxc4 7. Qc2 a6 8. a4 Bd7 9. Qxc4 Bc6 10. Bf4 Nbd7 11. Nc3
a5 {E05: Open Catalan: 5 Nf3 Be7.} 12. Qd3 Bd6 {[#]} 13. Bg5 $146 ({
Predecessor:} 13. Bxd6 cxd6 14. Rfc1 Qb6 15. Nd2 d5 16. e3 Rfc8 17. Ne2 Qd8 18.
Qa3 Rc7 19. Rc2 {1/2-1/2 (34) Nejtek,J (2449)-Binas,J (2197) ICCF email 2010})
13... h6 14. Bxf6 Qxf6 15. Nd2 Bxg2 16. Kxg2 Bb4 17. Nf3 Rfd8 (17... Qe7 {
seems wilder.} 18. Rfd1 Rfd8 19. Na2 Bd6 20. Qb5 Nf6) 18. Rfd1 c6 19. Qe4 Qf5
20. Qxf5 exf5 21. Na2 Be7 22. Rd3 Nf6 23. Rad1 Nd5 24. b3 Bf6 25. e3 Be7 26.
R3d2 Re8 27. Rc2 Bd6 {Black wants to play ...Rxe3!} (27... g6 {looks sharper.}
28. Nd2 Bf6 29. Nc3 Nb4 30. Rcc1 Kg7) 28. Nc3 Nxc3 29. Rxc3 Bb4 30. Rc2 Rad8
31. Kf1 g6 32. Ke2 Kg7 33. Ne5 Rd5 34. Rc4 Bd6 35. Nd3 Bf8 36. Kd2 Red8 37.
Rdc1 Ba3 38. Ra1 Be7 39. Rac1 Ba3 40. R1c2 Be7 41. Ke2 Bd6 42. Kf3 Kf6 43. h3
h5 44. h4 Kg7 45. Ke2 Kf8 (45... Ba3 {with more complications.} 46. Ra2 Be7 47.
Ra1 Kf8 48. Rcc1 Kg7) 46. Nf4 Bxf4 47. gxf4 $11 {[%mdl 4096] Endgame KRR-KRR}
Ra8 48. Kd3 Ke7 49. f3 Rdd8 50. Rc5 Rd6 51. e4 Ra6 52. R2c4 Rb6 53. Kc3 fxe4 $1
54. fxe4 Rf6 55. f5 gxf5 56. exf5 Ra6 57. d5 Rxf5 58. d6+ {[%mdl 64] [#]
Discovered Attack} Kf6 59. Rxf5+ Kxf5 {KR-KR} 60. Rc5+ Ke6 61. Rxh5 Kxd6 62.
Rg5 Ra8 63. h5 b6 {next ...Rh8 is good for Black.} 64. Kd4 Rh8 {Strongly
threatening ...f6.} 65. Ke4 f6 66. Rg6 $1 Rxh5 {[#] Threatens to win with ...
Rh3.} 67. Rxf6+ Kc5 {And now ...Rh3 would win.} 68. Kd3 $1 b5 69. axb5 cxb5 70.
Rf4 Rh2 71. Kc3 b4+ 72. Kd3 Rh3+ 73. Kc2 Rc3+ 74. Kb2 Re3 (74... Rd3 {looks
sharper.} 75. Rf5+ Rd5 76. Rf6 Rd2+ 77. Kb1 Rd1+) 75. Rc4+ Kd5 76. Rc8 Re2+ 77.
Kb1 Kd4 78. Rc4+ Kd5 79. Rc8 Re6 80. Ra8 {The position is equal.} Kd4 {White
must now prevent ...Kc3.} 81. Rxa5 Kc3 82. Rc5+ Kxb3 {( -> ...Re1+)} 83. Rc1 $1
Re2 84. Rh1 Ka3 85. Rg1 Rb2+ 86. Ka1 $1 Rf2 87. Kb1 b3 88. Rh1 Rb2+ 89. Ka1 Re2
90. Kb1 Rb2+ 91. Ka1 Rg2 92. Kb1 Rg3 93. Rf1 b2 94. Re1 Rc3 95. Rh1 Rc1+ 96.
Rxc1 bxc1=Q+ 97. Kxc1 {Weighted Error Value: White=0.06/Black=0.05} 1/2-1/2

[Event "EICC 2021"]
[Site "Reykjavik"]
[Date "2021.09.01"]
[Round "7.29"]
[White "Nguyen, Thai Dai Van"]
[Black "Thorfinnsson, Bragi"]
[Result "1-0"]
[WhiteElo "2588"]
[BlackElo "2439"]
[Annotator "TA"]
[PlyCount "67"]
[EventDate "2021.08.26"]
[EventType "swiss"]
[EventCountry "ISL"]
[Tiebreak "Cut1 Buchholz"]
[SourceTitle "playchess.com"]
[Source "ChessBase"]
[SourceQuality "1"]

{[%evp 16,67,82,77,82,70,91,90,115,101,161,139,137,146,144,164,128,119,109,67,
86,86,583,585,583,579,1314,239,645,0,1299,1264,1219,1184,2907,2853,2566,2543,
2213,2070,1777,1651,1431,635,29971,29973,29973,29974,29974,29975,29971,29971,
6470,5481]} 1. d4 Nf6 2. c4 g6 3. Nc3 c5 4. d5 Bg7 5. e4 O-O 6. Nf3 d6 7. Be2
e6 8. O-O Na6 9. dxe6 fxe6 {E91: King's Indian: Classical: 6 Be2, unusual
replies including 6...c5 and 6...Bg4.} 10. Bg5 {[#]} e5 $146 ({Predecessor:} 
10... Qb6 11. Qd2 Qc6 12. e5 dxe5 13. Nxe5 Qc7 14. f4 Nb4 15. Rad1 Nc6 16. Nxc6
Qxc6 17. Bf3 {1-0 (34) Wichmann,C (2266)-Heimrath,R (2241) Germany 2018}) 11.
Qd2 Qe7 {White is better.} 12. Rad1 Rd8 (12... Nb4 $16) 13. Nh4 Nc7 14. f4 $1 {
[%cal Rf4e5]} exf4 15. Qxf4 {[%cal Rg5f6]} Rf8 {[#] White should prevent ...
Ne6.} 16. Qg3 $1 ({Much less strong is} 16. Rxd6 $6 Ne6 $14) 16... Nce8 17. Nd5
Qe6 18. Bxf6 Bxf6 {[%mdl 8192] [#]} (18... Nxf6 $16 {is a better chance.} 19.
Nc7 Qxe4) 19. Nxg6 $1 $18 hxg6 20. Qxg6+ Kh8 {aiming for ...Bd4+.} 21. Qh6+ (
21. e5 $142 Bg7 22. Qh5+ Qh6 23. Rxf8+ Bxf8 24. Qxe8) 21... Kg8 {And now ...
Bd4+ would win.} 22. Qg6+ $40 {[%mdl 128] White mounts an attack.} (22. e5 $142
dxe5 23. Qg6+ Bg7 24. Rxf8+ Kxf8 25. Qh7 (25. Rf1+ Kg8 $18)) 22... Kh8 $1 {
...Bd4+ is the strong threat.} 23. e5 Bg7 24. Qh5+ Kg8 25. Bd3 {[%csl Gd3]
[%cal Rh5h7]} Qh6 26. Rxf8+ Bxf8 27. Qxe8 Bg4 28. Qxa8 {[%mdl 64] White
threatens Rf1 and mate. Double Attack} Bxd1 29. Qe8 (29. Ne7+ $142 Kf7 30. Bg6+
Kg7 31. Nf5+ {[%mdl 64] Double Attack} Kxg6 32. Nxh6 Bxh6 33. Qe8+ Kg5 34. exd6
) 29... Bc2 30. Ne7+ Kh8 31. Ng6+ {[%mdl 64] Double Attack} Kg8 32. Qe6+ {
[%mdl 64] Double Attack} Kg7 33. Qf6+ {[%mdl 64] Double Attack} Kg8 34. Ne7+ {
Weighted Error Value: White=0.60/Black=0.86} 1-0

[Event "EICC 2021"]
[Site "Reykjavik"]
[Date "2021.09.01"]
[Round "7.30"]
[White "Can, Emre"]
[Black "Petkov, Momchil"]
[Result "1-0"]
[WhiteElo "2569"]
[BlackElo "2443"]
[Annotator "TA"]
[PlyCount "79"]
[EventDate "2021.08.26"]
[EventType "swiss"]
[EventCountry "ISL"]
[Tiebreak "Cut1 Buchholz"]
[SourceTitle "playchess.com"]
[Source "ChessBase"]
[SourceQuality "1"]

{[%evp 10,79,21,0,7,0,0,0,14,21,18,18,10,0,0,-10,26,22,31,8,26,0,14,-6,66,57,
68,51,94,78,59,33,96,100,134,149,116,4,79,85,82,75,82,16,82,79,73,77,79,60,77,
41,42,43,45,20,22,23,23,26,380,362,368,319,29989,12838,29994,29993,29996,29997,
29997,29996]} 1. d4 Nf6 2. c4 e6 3. Nf3 d5 4. g3 dxc4 5. Bg2 a6 6. Ne5 Bb4+ {
E04: Open Catalan: 5 Nf3.} 7. Nc3 Nd5 8. O-O O-O {The position is equal.} 9.
Ne4 b5 10. b3 cxb3 11. Qxb3 {[#]} Be7 $146 ({Predecessor:} 11... Bb7 12. Nd3
Be7 13. Nec5 Qc8 14. Bb2 Nd7 15. Nxb7 Qxb7 16. Rac1 c6 17. Rfd1 Rab8 {0-1 (71)
Cheparinov,I (2667)-Baryshpolets,A (2569) Europe Echecs INT 2021}) 12. h4 h6
13. g4 Bb7 14. g5 Nc6 15. Nxc6 Bxc6 16. gxh6 (16. Qg3 $5 {[%cal Rg5h6]}) 16...
g6 (16... Bxh4 $11 17. Qh3 g6) 17. Ng5 b4 18. Bd2 Bf6 19. Rfd1 Rb8 ({Avoid the
trap} 19... Bxd4 $2 20. Rac1 $18) 20. Rac1 Rb6 (20... Bb5 $14) 21. Qg3 $16 Ba4
22. Re1 Nc3 23. h5 (23. Bxc3 $16 bxc3 24. Qxc3 (24. Rxc3 Qxd4 25. Rxc7 Be8 $16)
) 23... Rb5 {[#]} (23... Qxd4 $11 {remains equal.} 24. Bf4 Be8) 24. d5 $1 Rxd5
25. Bxd5 Qxd5 {[%mdl 64] Double Attack} 26. Bf4 (26. Bxc3 bxc3 27. f4 Qc4 $14)
({White should play} 26. Qf4 $16 Qxg5+ 27. Qxg5 Bxg5 28. Bxg5) 26... Bxg5 (
26... e5 $11 {keeps the balance.} 27. Be3 Bd7) 27. Qxg5 Qxg5+ 28. Bxg5 Bb5 29.
Kg2 $36 {[%mdl 2048] White has the initiative.} c5 30. Be7 {[#] And now h7+!
would win.} Rc8 31. hxg6 fxg6 32. Bf6 {h7+! is the strong threat.} Nxe2 33. Rc2
Nf4+ 34. Kf3 Nd3 {[%mdl 8192] This move loses the game for Black.} (34... Rf8
$11 {and Black is okay.} 35. Kxf4 Rxf6+ 36. Ke5 Rf5+ 37. Kd6 c4) 35. Rxe6 $18 {
Black must now prevent Re7.} Kf7 36. Rce2 c4 $2 (36... Nf4 $18 37. Kxf4 Bxe2)
37. h7 (37. Rd6 $142 g5 38. h7 Kg6 39. Bd4+ Kxh7 40. Re7+ Kg8 41. Rg7+ Kf8 42.
Rh6) 37... c3 38. Rd6 {White mates.} g5 39. Re7+ Kg6 40. h8=Q {[%csl Ge7][%cal
Rh8h7] Weighted Error Value: White=0.15/Black=0.62} 1-0

[Event "EICC 2021"]
[Site "Reykjavik"]
[Date "2021.09.01"]
[Round "7.31"]
[White "Dragnev, Valentin"]
[Black "Lubbe, Nikolas"]
[Result "1-0"]
[WhiteElo "2557"]
[BlackElo "2427"]
[Annotator "TA"]
[PlyCount "89"]
[EventDate "2021.08.26"]
[EventType "swiss"]
[EventCountry "ISL"]
[Tiebreak "Cut1 Buchholz"]
[SourceTitle "playchess.com"]
[Source "ChessBase"]
[SourceQuality "1"]

{[%evp 19,89,6,24,5,26,25,22,22,25,20,19,30,66,70,117,103,115,111,154,158,171,
133,131,109,132,110,135,130,164,138,132,145,332,48,70,46,72,50,123,106,103,112,
155,142,256,241,226,0,0,43,239,214,383,375,366,358,409,372,520,518,596,597,835,
830,796,707,922,909,5822,5814,5716,5708]} 1. e4 c5 2. Nf3 e6 3. c3 Nf6 4. e5
Nd5 5. d4 cxd4 6. cxd4 Nc6 7. Bc4 d6 8. O-O Be7 9. Qe2 O-O 10. Rd1 $1 {[%mdl 4]
is recently more successful than 10.Nc3.} Bd7 11. Bd2 {B22: Sicilian: 2 c3.}
Rc8 {11...Qb6 is vanishing.} 12. Nc3 Nxc3 13. Bxc3 {And now exd6 would win.The
position is equal.} d5 14. Bd3 Nb4 15. Bb1 {[#]} g6 $146 ({Predecessor:} 15...
Nc6 16. g3 Bb4 17. Bxb4 Nxb4 18. a3 Nc6 19. b4 f5 20. h4 Qb6 21. Qd3 h6 {
0-1 (34) Puranik,A (2443)-Lu,S (2615) Olongapo City 2015}) 16. h4 b5 17. h5 Nc6
18. Qe3 Kg7 19. Bd2 {Strongly threatening Qh6+.} Rh8 20. h6+ Kf8 21. g4 Qb6 22.
Qd3 Ke8 23. Bg5 $1 Bxg5 24. Nxg5 Qd8 25. Qe3 f6 $2 {[#]} (25... f5 $16) 26. Nf3
$2 (26. Nxh7 $1 $18 {[%mdl 512]} Rxh7 27. Bxg6+ {[%mdl 64] Double Attack} Rf7
28. Qf3) 26... Rf8 27. Bd3 fxe5 28. dxe5 Qb6 (28... a6 $14) 29. Qxb6 $16 axb6
30. Kg2 Rf4 31. Kg3 Rb4 (31... Rf8 $16) 32. b3 $18 Ke7 33. Rdb1 $2 (33. Re1 $1
$18) 33... Rf8 $14 34. Re1 Rbf4 $2 {[#]} (34... Rff4 $14) 35. Ng5 $1 $18 Nd4 $2
{[#]} (35... Rxf2 36. Bxb5 Nd4 37. Bxd7 Kxd7) 36. Re3 $1 Rxf2 37. Rd1 Rxa2 38.
Nxh7 Rff2 39. Bf1 {White is clearly winning.} Nc6 40. Nf6 {Threatens to win
with h7.} Nxe5 {[#]} 41. h7 $1 Nf7 42. Nxd5+ {[%mdl 64] Double Attack} Kf8 43.
Nb4 Rad2 44. Rxd2 {[%mdl 64] Overworked Piece} Rxd2 45. Rf3 {Weighted Error
Value: White=0.26/Black=0.57} 1-0

[Event "EICC 2021"]
[Site "Reykjavik"]
[Date "2021.09.01"]
[Round "7.32"]
[White "Kulaots, Kaido"]
[Black "Baltag, Iulian"]
[Result "0-1"]
[WhiteElo "2548"]
[BlackElo "2410"]
[Annotator "ChessBase"]
[PlyCount "80"]
[EventDate "2021.08.26"]
[EventType "swiss"]
[EventCountry "ISL"]
[Tiebreak "Cut1 Buchholz"]
[SourceTitle "playchess.com"]
[Source "ChessBase"]
[SourceQuality "1"]
[TimeControl "40/5400+30:1800+30"]

1. e4 {[%emt 0:00:32]} e6 {[%emt 0:00:18]} 2. d4 {[%emt 0:00:43]} d5 {[%emt 0:
00:06]} 3. Nc3 {[%emt 0:00:39]} Bb4 {[%emt 0:00:08]} 4. e5 {[%emt 0:00:42]} Qd7
{[%emt 0:00:32]} 5. a3 {[%emt 0:01:59]} Bxc3+ {[%emt 0:00:06]} 6. bxc3 {
[%emt 0:00:05]} b6 {[%emt 0:00:16]} 7. Qg4 {[%emt 0:02:49]} f5 {[%emt 0:00:49]}
8. Qg3 {[%emt 0:01:42]} Ba6 {[%emt 0:00:22]} 9. Bxa6 {[%emt 0:01:16]} Nxa6 {
[%emt 0:00:04]} 10. h4 {[%emt 0:04:15]} Nb8 {[%emt 0:00:26]} 11. Nh3 {[%emt 0:
06:59]} Nc6 {[%emt 0:00:57]} 12. Bg5 {[%emt 0:02:25]} Qf7 {[%emt 0:02:51]} 13.
Qf3 {[%emt 0:12:07]} Nge7 {[%emt 0:01:12]} 14. h5 {[%emt 0:02:15]} h6 {[%emt 0:
09:46]} 15. Bh4 {[%emt 0:02:20]} O-O-O {[%emt 0:03:26]} 16. Nf4 {[%emt 0:00:48]
} Rdg8 {[%emt 0:05:03]} 17. a4 {[%emt 0:12:08]} g5 {[%emt 0:01:38]} 18. hxg6 {
[%emt 0:00:09]} Nxg6 {[%emt 0:00:05]} 19. Bf6 {[%emt 0:01:31]} Rh7 {[%emt 0:00:
28]} 20. Nh5 {[%emt 0:05:01]} Na5 {[%emt 0:00:42]} 21. Qd3 {[%emt 0:04:18]} Nc4
{[%emt 0:01:14]} 22. f3 {[%emt 0:01:27]} Nf8 {[%emt 0:00:27]} 23. Kf2 {[%emt 0:
00:56]} a5 {[%emt 0:00:26]} 24. Rh4 {[%emt 0:09:11]} Nd7 {[%emt 0:00:43]} 25.
Rah1 {[%emt 0:11:00]} Kb7 {[%emt 0:01:54]} 26. Qd1 {[%emt 0:06:37]} Qf8 {
[%emt 0:01:28]} 27. Qc1 {[%emt 0:00:34]} Rf7 {[%emt 0:06:58]} 28. R4h3 {
[%emt 0:02:52]} Ka7 {[%emt 0:05:18]} 29. Bh4 {[%emt 0:03:44]} Ndxe5 {[%emt 0:
10:06]} 30. Kg1 {[%emt 0:03:32]} Ng6 {[%emt 0:01:00]} 31. Bf2 {[%emt 0:00:24]}
f4 {[%emt 0:00:36]} 32. Kh2 {[%emt 0:00:42]} Rf5 {[%emt 0:00:24]} 33. Re1 {
[%emt 0:00:39]} Qf7 {[%emt 0:00:15]} 34. g4 {[%emt 0:00:25]} fxg3+ {[%emt 0:00:
10]} 35. Bxg3 {[%emt 0:00:02]} Nge5 {[%emt 0:02:26]} 36. dxe5 {[%emt 0:01:02]}
Rxh5 {[%emt 0:00:13]} 37. Qf4 {[%emt 0:00:35]} Rf5 {[%emt 0:00:33]} 38. Qxh6 {
[%emt 0:00:27]} Rxf3 {[%emt 0:00:14]} 39. Re2 {[%emt 0:00:23]} Nxe5 {[%emt 0:
01:40]} 40. Rxe5 {[%emt 0:00:44]} Rfxg3 {[%emt 0:00:24]} 0-1

[Event "EICC 2021"]
[Site "Reykjavik"]
[Date "2021.09.01"]
[Round "7.33"]
[White "Horvath, Dominik"]
[Black "Martinovic, Sasa"]
[Result "1-0"]
[WhiteElo "2455"]
[BlackElo "2548"]
[Annotator "ChessBase"]
[PlyCount "81"]
[EventDate "2021.08.26"]
[EventType "swiss"]
[EventCountry "ISL"]
[Tiebreak "Cut1 Buchholz"]
[SourceTitle "playchess.com"]
[Source "ChessBase"]
[SourceQuality "1"]
[TimeControl "40/5400+30:1800+30"]

1. e4 {[%emt 0:00:03]} e6 {[%emt 0:00:03]} 2. d4 {[%emt 0:00:16]} d5 {[%emt 0:
00:04]} 3. e5 {[%emt 0:00:05]} c5 {[%emt 0:00:05]} 4. c3 {[%emt 0:00:04]} Nc6 {
[%emt 0:00:02]} 5. Nf3 {[%emt 0:00:07]} Bd7 {[%emt 0:00:04]} 6. Be2 {[%emt 0:
00:08]} Nge7 {[%emt 0:00:09]} 7. Na3 {[%emt 0:01:24]} cxd4 {[%emt 0:00:17]} 8.
cxd4 {[%emt 0:00:06]} Nf5 {[%emt 0:00:12]} 9. Nc2 {[%emt 0:00:43]} Be7 {
[%emt 0:00:09]} 10. g3 {[%emt 0:14:39]} O-O {[%emt 0:04:47]} 11. h4 {[%emt 0:
02:53]} h6 {[%emt 0:25:41]} 12. h5 {[%emt 0:09:08]} Rc8 {[%emt 0:09:03]} 13.
Kf1 {[%emt 0:01:41]} f6 {[%emt 0:01:24]} 14. g4 {[%emt 0:02:50]} Nfxd4 {
[%emt 0:13:01]} 15. Ncxd4 {[%emt 0:00:26]} Nxe5 {[%emt 0:01:19]} 16. Rg1 {
[%emt 0:08:41]} Bc5 {[%emt 0:03:48]} 17. Be3 {[%emt 0:01:46]} Nc4 {[%emt 0:03:
43]} 18. Bxc4 {[%emt 0:03:12]} dxc4 {[%emt 0:00:03]} 19. Qc2 {[%emt 0:02:58]}
Bxd4 {[%emt 0:12:49]} 20. Nxd4 {[%emt 0:00:24]} Qe7 {[%emt 0:02:08]} 21. Qe4 {
[%emt 0:04:25]} c3 {[%emt 0:05:45]} 22. bxc3 {[%emt 0:02:14]} Rxc3 {[%emt 0:00:
03]} 23. Kg2 {[%emt 0:09:48]} e5 {[%emt 0:13:05]} 24. Nf5 {[%emt 0:00:49]} Qf7
{[%emt 0:01:14]} 25. Kh2 {[%emt 0:01:04]} Bc6 {[%emt 0:02:34]} 26. Qb4 {
[%emt 0:01:08]} Rc4 {[%emt 0:00:47]} 27. Qe7 {[%emt 0:00:43]} Ra4 {[%emt 0:00:
39]} 28. a3 {[%emt 0:02:34]} Kh7 {[%emt 0:05:30]} 29. Rad1 {[%emt 0:04:39]}
Qxe7 {[%emt 0:00:00]} 30. Nxe7 {[%emt 0:00:06]} Bf3 {[%emt 0:00:00]} 31. Ng6 {
[%emt 0:06:53]} Rc8 {[%emt 0:00:00]} 32. Rd7 {[%emt 0:00:06]} Bxg4 {[%emt 0:00:
00]} 33. Rxb7 {[%emt 0:00:07]} Bxh5 {[%emt 0:00:00]} 34. Nf8+ {[%emt 0:00:54]}
Kh8 {[%emt 0:00:00]} 35. Rgxg7 {[%emt 0:00:32]} Rcc4 {[%emt 0:00:00]} 36. Ng6+
{[%emt 0:01:51]} Bxg6 {[%emt 0:00:00]} 37. Rxg6 {[%emt 0:00:04]} Rh4+ {[%emt 0:
00:00]} 38. Kg3 {[%emt 0:00:18]} f5 {[%emt 0:00:00]} 39. Rbg7 {[%emt 0:00:48]}
Rhg4+ {[%emt 0:00:56]} 40. Rxg4 {[%emt 0:00:05]} fxg4 {[%emt 0:00:03]} 41. Rxa7
{[%emt 0:30:07]} 1-0